1359 1397 1228 1864 1663 1323 1511 1745 1717 1924 1321 1114 1113 1370 1307 1668 1401 1041 1455 1346 1153 1971 1232 1859 1194 1185 1658 1536 1718 1064 1759 1691 1799 1790 1637 1371 1807 1456 1056 1989 1096 1768 1474 1525 1208 1217 1323 1128 1640 1375 1054 1068 1088 1900 1839 1396 1062 1689 1466 1728 1804 1643 1853 1249 1689 1771 1371 1603 1363 1604 1391 1136 1163 1989 1038 1305 1661 1970 1719 1006 1843 1149 1616 1673 1256 1179 1276 1099 1139 1069 1805 1020 1322 1980 1209 1447 1763 1265 1350 BCNSPRNW ULIB Ver.6.0+V

เปลี่ยนเป็นภาษาไทย

Change to English
 แสดงรายละเอียดบรรณานุกรม
  กลับหน้าหลัก

Brief Record : Get Marc (ISO 2709) : E-mail record : QR code < ปิดหน้าต่าง
LEADER : 00000nam 2200000uu 4500
001    13399114325
003     ULIB
008    120321s||||||||th 000 0 tha d
020    ^a9786167375434
060 04 ^aWO500^bค695
100 0  ^aวิรัตน์ วศินวงศ์
245 00 ^aคู่มือหัตถการทางวิสัญญี =^bHandbook of anestheticprocedures /^c[บรรณาธิการ] วิรัตน์ วศินวงศ์
246 31 ^aHandbook of anesthetic procedures
260    ^aสงขลา :^bชานเมืองการพิมพ์,^c2554
300    ^a223 หน้า :^bภาพประกอบ ;^c22 ซม.
650  4 ^aหัตถการทางการแพทย์
650  4 ^aวิสัญญีวิทยา
945    ^p220^l0^i031400
945    ^p220^l0^i031401
995    ^aทศพร
999 ^a ทศพร
รายการนี้ยังไม่มีแท็ก
คุณยังไม่ได้ล็อกอิน คุณสามารถมีกิจกรรมร่วมกับเว็บไซต์ได้ แต่ต้องล็อกอินก่อน ::
  ล็อกอิน

รายการสื่อสารสนเทศ

ลำดับที่ ประเภท เลขเรียก/บาร์โค้ด สถานที่ สถานะ
1. วิทยาศาสตร์การแพทย์ และสุขภาพ
หนังสือสำรอง
สถานะ=หนังสือสำรอง
WO500 ค695 ฉ.1 
  Barcode: 031400
ห้องสมุดวิทยาเขตสวรรค์ประชารักษ์
►ส่วนจัดเก็บหนังสือเก่า สปร
บนชั้น
  ขอยืม
2. วิทยาศาสตร์การแพทย์ และสุขภาพ
วิทยาศาสตร์การแพทย์ และสุขภาพ
WO500 ค695 ฉ.2 
  Barcode: 031401
ห้องสมุดวิทยาเขตสวรรค์ประชารักษ์
►ส่วนจัดเก็บหนังสือเก่า สปร
บนชั้น
  ขอยืม

รายการใกล้เคียง
    ผู้แต่ง [วิรัตน์ วศินวงศ์]

    หัวเรื่อง [หัตถการทางการแพทย์]
    หัวเรื่อง [วิสัญญีวิทยา]

BibComment


ยังไม่เคยถูกคอมเมนท์

คอมเมนท์ทรัพยากรรายการนี้
  คอมเมนท์: คู่มือหัตถการทาง..


 Copyright 2026. Bcnsprnw @Library